[Event "XXVI Memorial Edoardo Crespi A"]
[Site "Milano ITA"]
[Date "2005.12.10"]
[Round "5"]
[White "Piantoni, Pierino"]
[Black "Candura, Stefano"]
[Result "0-1"]
[WhiteElo "1974"]
[BlackElo "2039"]
[PlyCount "68"]
[EventDate "2005.12.07"]

1. c4 e6 2. g3 d5 3. Bg2 c6 4. b3 Nf6 5. Bb2 Be7 6. Nf3 O-O 7. O-O Nbd7 8. d3
Qc7 9. Nbd2 Rd8 10. Qc2 dxc4 11. Nxc4 Nd5 12. a3 Bf6 13. d4 g6 14. e4 N5b6 15.
Ne3 Bg7 16. Rfd1 Nf6 17. Rd2 Qe7 18. Rad1 Bd7 19. Ne5 Rac8 20. Qb1 Be8 21. Qa1
Qf8 22. d5 cxd5 23. exd5 exd5 24. N5c4 Nxc4 25. bxc4 Ba4 26. Bxf6 Bxd1 27. Bxg7
Qxg7 28. Qxd1 d4 29. Bxb7 Rb8 30. Bd5 dxe3 31. Bxf7+ Kxf7 32. Rxd8 exf2+ 33.
Kxf2 Qf6+ 34. Kg2 Rxd8 0-1

[Event "XXVI Memorial Edoardo Crespi A"]
[Site "Milano ITA"]
[Date "2005.12.10"]
[Round "5"]
[White "Ramiro Ovejero, Juan Luis"]
[Black "Massironi, Marco"]
[Result "0-1"]
[WhiteElo "2332"]
[BlackElo "2112"]
[PlyCount "100"]
[EventDate "2005.12.07"]

1. e4 c5 2. Nf3 d6 3. Bb5+ Bd7 4. Bxd7+ Qxd7 5. O-O Nc6 6. c3 Nf6 7. d4 cxd4 8.
cxd4 e6 9. d5 Ne5 10. dxe6 Nxf3+ 11. Qxf3 fxe6 12. Nc3 Be7 13. Bg5 O-O 14. Qh3
Rac8 15. Rad1 Rc5 16. f4 Qc8 17. f5 b5 18. Bxf6 Rxf6 19. fxe6 Rh6 20. Qd3 Qxe6
21. Rf5 Rxf5 22. exf5 Qe5 23. Qd5+ Qxd5 24. Rxd5 a6 25. Ne4 Bf6 26. b3 Be5 27.
g3 Kf7 28. a4 bxa4 29. bxa4 Ke7 30. Ra5 Rh5 31. f6+ gxf6 32. Rxa6 d5 33. Nd2
Bc3 34. Nf3 d4 35. Rc6 Rd5 36. Kf1 Ba5 37. Rc4 d3 38. Rc1 Ke6 39. Kf2 Kf5 40.
Ke3 Bb6+ 41. Kd2 Ke4 42. Rf1 Rf5 43. Re1+ Kxf3 44. Kxd3 Kg2 45. Re2+ Bf2 46. g4
Rf3+ 47. Ke4 Ra3 48. Kf5 Rxa4 49. h4 Kf3 50. Re7 Rf4+ 0-1

[Event "XXVI Memorial Edoardo Crespi A"]
[Site "Milano ITA"]
[Date "2005.12.10"]
[Round "5"]
[White "Regorda, Vittorio"]
[Black "Fezza, Davide"]
[Result "0-1"]
[WhiteElo "1938"]
[BlackElo "2033"]
[PlyCount "78"]
[EventDate "2005.12.07"]

1. c4 Nf6 2. Nc3 e5 3. g3 g6 4. Bg2 c6 5. e4 d6 6. Nge2 Bg7 7. O-O O-O 8. h3 a5
9. Rb1 Na6 10. d4 Qc7 11. Be3 exd4 12. Bxd4 Nc5 13. Qd2 Re8 14. f3 Be6 15. b3
Rad8 16. Qg5 h6 17. Qf4 Qe7 18. Qe3 Bf8 19. Rbd1 d5 20. cxd5 cxd5 21. exd5 Nxd5
22. Nxd5 Bxd5 23. Qxe7 Bxe7 24. Nc3 Bc6 25. Rfe1 Nxb3 26. axb3 Rxd4 27. Rxd4
Bc5 28. Kf1 Rxe1+ 29. Kxe1 Bxd4 30. Kd2 Kf8 31. Kd3 Be5 32. g4 Ke7 33. Kc4 Bxc3
34. Kxc3 Kf6 35. Kd4 Kg5 36. f4+ Kxf4 37. Bxc6 bxc6 38. Kc5 Ke3 39. Kxc6 f5 0-1

[Event "XXVI Memorial Edoardo Crespi A"]
[Site "Milano ITA"]
[Date "2005.12.10"]
[Round "5"]
[White "Salvador, Roland"]
[Black "Nannelli, Paolo"]
[Result "1-0"]
[WhiteElo "2397"]
[BlackElo "2172"]
[PlyCount "61"]
[EventDate "2005.12.07"]

1. d4 e6 2. c4 d5 3. Nf3 Be7 4. Nc3 Nf6 5. g3 O-O 6. Bg2 c6 7. O-O Nbd7 8. Qc2
b6 9. b3 Bb7 10. Bb2 Rc8 11. Rad1 b5 12. e4 b4 13. e5 Ne8 14. Ne2 Nc7 15. Nf4
Qe8 16. Rfe1 c5 17. h4 cxd4 18. Nxd4 Nb6 19. Nh5 Ba8 20. c5 Nd7 21. c6 Nc5 22.
Nf5 exf5 23. Nf6+ gxf6 24. exf6 Ne4 25. Bxe4 fxe4 26. Qe2 Ne6 27. Qg4+ Kh8 28.
fxe7+ d4 29. Rxd4 Nxd4 30. Bxd4+ f6 31. exf8=Q+ 1-0

[Event "XXVI Memorial Edoardo Crespi A"]
[Site "Milano ITA"]
[Date "2005.12.10"]
[Round "5"]
[White "Tencati, Giuseppe"]
[Black "Cavatorta, Fosco"]
[Result "0-1"]
[WhiteElo "2132"]
[BlackElo "1984"]
[PlyCount "118"]
[EventDate "2005.12.07"]

1. d4 d6 2. Nf3 Bg4 3. c4 Bxf3 4. exf3 g6 5. g3 Bg7 6. Bg2 Nc6 7. Be3 Nh6 8.
Na3 Nf5 9. Nc2 O-O 10. f4 Na5 11. b3 e5 12. O-O exd4 13. Bd2 d3 14. Nb4 Bxa1
15. Qxa1 c5 16. Nd5 Nd4 17. Be4 Nac6 18. Kg2 Ne7 19. Nf6+ Kg7 20. Bc3 Kxf6 21.
Bxd4+ cxd4 22. Qxd4+ Ke6 23. Re1 Kd7 24. Bxb7 Qc7 25. Bxa8 Rxa8 26. Qxd3 Qc6+
27. Kg1 Nf5 28. Qe2 Kc7 29. b4 Rd8 30. b5 Qc5 31. Qe4 Rd7 32. g4 Re7 33. Qb1
Rxe1+ 34. Qxe1 Nd4 35. Qe7+ Kb6 36. Qxf7 Nf3+ 37. Kg2 Ne1+ 38. Kg3 Nd3 39. Kh4
Qxf2+ 40. Kg5 Qxf4+ 41. Qxf4 Nxf4 42. Kxf4 Kc5 43. Kg5 Kxc4 44. Kh6 d5 45. g5
d4 46. Kxh7 d3 47. Kxg6 d2 48. h4 d1=Q 49. h5 Qd6+ 50. Kf7 Qe5 51. Kg6 Qe6+ 52.
Kg7 Qf5 53. Kh6 Qf8+ 54. Kh7 Qf7+ 55. Kh6 Kd5 56. g6 Qf6 57. Kh7 Ke6 58. h6 Kf5
59. g7 Qg6+ 0-1

[Event "XXVI Memorial Edoardo Crespi A"]
[Site "Milano ITA"]
[Date "2005.12.10"]
[Round "5"]
[White "Van Hoolandt, Patrick"]
[Black "Fossati, Remigio"]
[Result "1-0"]
[WhiteElo "2185"]
[BlackElo "2178"]
[PlyCount "85"]
[EventDate "2005.12.07"]

1. d4 d5 2. c4 e6 3. Nf3 c6 4. Qc2 Nf6 5. Bg5 Be7 6. Nc3 O-O 7. cxd5 exd5 8. e3
Nbd7 9. Bd3 Re8 10. h3 Nf8 11. O-O Be6 12. Rab1 Rc8 13. b4 Ng6 14. Bxf6 Bxf6
15. Na4 b6 16. Rfc1 Be7 17. a3 Bd6 18. Rb3 Qf6 19. Qd1 Bd7 20. Rbc3 Rcd8 21.
Nb2 Nh4 22. Be2 Bb8 23. Nd3 Ng6 24. Nd2 Qd6 25. Nf1 Nh4 26. Ne5 Rc8 27. Bd3 Ng6
28. Nxd7 Qxd7 29. Qc2 Ne7 30. Bxh7+ Kh8 31. Bd3 g6 32. a4 Bd6 33. Qb2 Kg8 34.
e4 dxe4 35. Bxe4 Bf4 36. Rd1 c5 37. Rf3 Be5 38. bxc5 bxc5 39. Qb3 c4 40. dxe5
cxb3 41. Rxd7 Rc4 42. Bb1 Rxa4 43. Rxb3 1-0

[Event "XXVI Memorial Edoardo Crespi A"]
[Site "Milano ITA"]
[Date "2005.12.10"]
[Round "5"]
[White "Zanetti, Alberto"]
[Black "Canova, Luca"]
[Result "1/2-1/2"]
[WhiteElo "2219"]
[BlackElo "2103"]
[PlyCount "77"]
[EventDate "2005.12.07"]

1. f4 d5 2. Nf3 Nf6 3. e3 c5 4. b3 Nbd7 5. Bb2 b6 6. Bb5 Bb7 7. Ne5 a6 8. Bxd7+
Nxd7 9. O-O h5 10. d3 Nxe5 11. fxe5 f6 12. Nd2 Qd7 13. Nf3 O-O-O 14. Qe2 h4 15.
h3 Rh6 16. Qf2 g5 17. Nh2 d4 18. exd4 cxd4 19. Ng4 Rh8 20. Rae1 Bg7 21. exf6
exf6 22. Qf5 Rhf8 23. Re7 Qxf5 24. Rxf5 Bh8 25. Kf1 b5 26. Rc5+ Kb8 27. Rcc7
Bd5 28. Bxd4 Bxg2+ 29. Kxg2 Rxd4 30. Rb7+ Ka8 31. Ra7+ Kb8 32. Nf2 f5 33. Rxa6
b4 34. Rb6+ Ka8 35. Rbb7 Rf4 36. Ra7+ Kb8 37. d4 Rxf2+ 38. Kh1 Bxd4 39. Reb7+
1/2-1/2

[Event "XXVI Memorial Edoardo Crespi A"]
[Site "Milano ITA"]
[Date "2005.12.10"]
[Round "6"]
[White "Astengo, Corrado"]
[Black "Brigati, Alessandro"]
[Result "1/2-1/2"]
[WhiteElo "2105"]
[BlackElo "2006"]
[PlyCount "44"]
[EventDate "2005.12.07"]

1. e4 d6 2. d4 Nf6 3. Nc3 g6 4. g3 Bg7 5. Bg2 O-O 6. Nge2 c6 7. O-O Nbd7 8. a4
Qc7 9. h3 e5 10. Be3 b6 11. Qd2 Ba6 12. Rfe1 Bxe2 13. Rxe2 Rfe8 14. Rd1 Rad8
15. d5 c5 16. Rf1 a6 17. Kh2 Rb8 18. g4 b5 19. axb5 axb5 20. Ree1 b4 21. Ne2
Nb6 22. Bh6 Nc4 1/2-1/2

[Event "XXVI Memorial Edoardo Crespi A"]
[Site "Milano ITA"]
[Date "2005.12.10"]
[Round "6"]
[White "Astengo, Marcello"]
[Black "Bosi, Clint"]
[Result "0-1"]
[WhiteElo "2077"]
[BlackElo "2027"]
[PlyCount "76"]
[EventDate "2005.12.07"]

1. d4 Nf6 2. c4 g6 3. Nc3 Bg7 4. e4 d6 5. f3 O-O 6. Be3 c6 7. Qd2 Qa5 8. Bd3 a6
9. Nge2 b5 10. Nc1 Qc7 11. Nb3 Nbd7 12. cxb5 axb5 13. a3 Ba6 14. Rc1 Rfb8 15.
Na2 Qb6 16. Nb4 Rc8 17. O-O c5 18. dxc5 dxc5 19. Rc2 Qd6 20. Nxa6 c4 21. Nb4
cxd3 22. Nxd3 Rd8 23. Rd1 Qe6 24. Nd4 Qa6 25. Nc6 Re8 26. Rcc1 Nb6 27. Ndb4 Qb7
28. Qf2 Nc4 29. Bd4 e5 30. Bc3 Nd7 31. f4 Bh6 32. g3 exf4 33. Qd4 Nde5 34. Nxe5
Nxe5 35. Rf1 fxg3 36. Nd3 gxh2+ 37. Kxh2 Bg7 38. Kh1 Rad8 0-1

[Event "XXVI Memorial Edoardo Crespi A"]
[Site "Milano ITA"]
[Date "2005.12.10"]
[Round "6"]
[White "Attianese, Aniello"]
[Black "Bozzali, Ermanno"]
[Result "0-1"]
[WhiteElo "1974"]
[BlackElo "2108"]
[PlyCount "100"]
[EventDate "2005.12.07"]

1. d4 Nf6 2. c4 e6 3. Nc3 Bb4 4. Qc2 Nc6 5. Nf3 d6 6. Bg5 h6 7. Bh4 g5 8. Bg3
g4 9. Nh4 Nxd4 10. Qd3 Nc6 11. Ng6 Rg8 12. Nf4 Ne5 13. Qe3 Bd7 14. Bh4 Ng6 15.
Nxg6 Rxg6 16. O-O-O Bxc3 17. Qxc3 Qe7 18. e3 e5 19. Bd3 Rg8 20. Rhf1 Nd5 21.
Qb3 Qxh4 22. cxd5 O-O-O 23. Kb1 Kb8 24. Rc1 Bc8 25. Rc3 f5 26. Qc2 e4 27. Bb5
Rg7 28. Rc1 Qe7 29. g3 b6 30. Qa4 c5 31. dxc6 Qc7 32. Rh1 d5 33. h4 f4 34. gxf4
d4 35. exd4 Qxf4 36. Rhc1 Rc7 37. Qc4 Qxf2 38. Rf1 Qxd4 39. Qxd4 Rxd4 40. Rf6
Rd5 41. Bc4 Rc5 42. Bf1 Rf5 43. Rxf5 Bxf5 44. Kc1 Be6 45. b3 Rf7 46. Ba6 Kc7
47. Bb7 Rf3 48. Rc2 e3 49. Re2 g3 50. Kd1 Bf5 0-1

[Event "XXVI Memorial Edoardo Crespi A"]
[Site "Milano ITA"]
[Date "2005.12.10"]
[Round "6"]
[White "Barberi, Alessandro"]
[Black "Van Hoolandt, Patrick"]
[Result "0-1"]
[WhiteElo "2110"]
[BlackElo "2185"]
[PlyCount "50"]
[EventDate "2005.12.07"]

1. d4 Nf6 2. c4 e6 3. Nf3 Bb4+ 4. Nbd2 c5 5. e3 Nc6 6. Be2 cxd4 7. exd4 d5 8.
O-O dxc4 9. Nxc4 O-O 10. a3 Be7 11. Re1 b6 12. b4 a6 13. Bb2 Bb7 14. Qb3 Nd5
15. Rad1 Bf6 16. Nfe5 g6 17. Bf3 Nce7 18. g3 Bg7 19. Bg2 Rb8 20. Qd3 Rc8 21.
Qe2 Rc7 22. Rc1 Nf5 23. Red1 Re8 24. h4 Nxh4 25. Bxd5 Qxd5 0-1

[Event "XXVI Memorial Edoardo Crespi A"]
[Site "Milano ITA"]
[Date "2005.12.10"]
[Round "6"]
[White "Barlocco, Carlo"]
[Black "Tramalloni, Luca"]
[Result "1-0"]
[WhiteElo "2224"]
[BlackElo "2136"]
[PlyCount "73"]
[EventDate "2005.12.07"]

1. g3 g6 2. Bg2 Bg7 3. e4 d6 4. f4 c5 5. Nf3 Nc6 6. O-O e6 7. c3 Nge7 8. Na3
O-O 9. Nc2 f5 10. d3 Qc7 11. Be3 Bd7 12. Bf2 Rae8 13. Re1 b6 14. d4 cxd4 15.
Ncxd4 fxe4 16. Rxe4 Nxd4 17. Nxd4 e5 18. fxe5 dxe5 19. Nb5 Bxb5 20. Qb3+ Kh8
21. Qxb5 Nf5 22. Ree1 Nd6 23. Qc6 Qe7 24. Rad1 Rf6 25. Be3 h6 26. Qa4 g5 27.
Rf1 Nf5 28. Rd7 Qe6 29. Bc1 e4 30. Bh3 e3 31. Re1 e2 32. Rd3 Qe5 33. Qc2 Bf8
34. b4 a5 35. a3 Nd6 36. Re3 Ne4 37. Qxe2 1-0

[Event "XXVI Memorial Edoardo Crespi A"]
[Site "Milano ITA"]
[Date "2005.12.10"]
[Round "6"]
[White "Bonade', Massimo"]
[Black "Zanetti, Alberto"]
[Result "1/2-1/2"]
[WhiteElo "2070"]
[BlackElo "2219"]
[PlyCount "104"]
[EventDate "2005.12.07"]

1. d4 Nf6 2. c4 e6 3. Nc3 Bb4 4. e3 b6 5. Nge2 Bb7 6. a3 Be7 7. d5 a5 8. e4
exd5 9. cxd5 Bc5 10. Ng3 O-O 11. Be2 d6 12. Rb1 b5 13. Bxb5 c6 14. Be2 cxd5 15.
exd5 Na6 16. O-O h6 17. Nf5 Re8 18. Bf3 Re5 19. Ng3 g5 20. Qd3 Bc8 21. Bd2 Rb8
22. Rfe1 Qe8 23. Rxe5 Qxe5 24. Be3 Kg7 25. Bd1 Bxe3 26. Qxe3 Qxe3 27. fxe3 Kf8
28. e4 Ng4 29. Bxg4 Bxg4 30. Kf2 Nc5 31. Ke3 a4 32. Nge2 Bxe2 33. Nxe2 Rb3+ 34.
Nc3 h5 35. Kd4 f6 36. Kc4 Rb6 37. Kd4 h4 38. Ke3 Kg7 39. g4 h3 40. Kd2 Rb8 41.
Kc2 Kf7 42. Re1 Rh8 43. Re3 Ke7 44. Kd2 Rh4 45. Rg3 Kd7 46. Ke3 Rh8 47. Kd4 Rb8
48. Nd1 Re8 49. Nf2 Rb8 50. Nd1 Re8 51. Re3 Nb3+ 52. Kc3 Nc5 1/2-1/2

[Event "XXVI Memorial Edoardo Crespi A"]
[Site "Milano ITA"]
[Date "2005.12.10"]
[Round "6"]
[White "Bonazzi, Edoardo"]
[Black "Salmoiraghi, Angelo"]
[Result "1-0"]
[WhiteElo "2161"]
[BlackElo "1959"]
[PlyCount "81"]
[EventDate "2005.12.07"]

1. Nf3 Nf6 2. c4 c5 3. Nc3 Nc6 4. g3 e6 5. Bg2 d5 6. cxd5 exd5 7. d4 cxd4 8.
Nxd4 Bb4 9. O-O h6 10. Qa4 Qa5 11. Nxc6 Qxa4 12. Nxa4 bxc6 13. Be3 O-O 14. Bc5
Bxc5 15. Nxc5 Nd7 16. Rac1 Rb8 17. b3 Nxc5 18. Rxc5 Re8 19. e3 Rb6 20. Rd1 f5
21. Rd4 Kf7 22. Ra4 Re7 23. Bxd5+ cxd5 24. Rxc8 Rd6 25. Rc5 Ke6 26. Rca5 Rdd7
27. Ra6+ Kf7 28. h4 h5 29. Kg2 g6 30. Kf3 Kg7 31. Rc6 Kh7 32. Raa6 Rg7 33. Rd6
Kh8 34. Kf4 Rxd6 35. Rxd6 Rc7 36. Ra6 Re7 37. f3 Rd7 38. Ke5 Re7+ 39. Kd4 Rd7
40. Ra5 Rc7 41. Rc5 1-0

[Event "XXVI Memorial Edoardo Crespi A"]
[Site "Milano ITA"]
[Date "2005.12.10"]
[Round "6"]
[White "Candura, Stefano"]
[Black "Bevilacqua, Maurizio"]
[Result "0-1"]
[WhiteElo "2039"]
[BlackElo "2172"]
[PlyCount "136"]
[EventDate "2005.12.07"]

1. d4 Nf6 2. Nf3 c5 3. e3 b6 4. c4 Bb7 5. Nc3 g6 6. Bd3 Bg7 7. O-O d6 8. e4
cxd4 9. Nxd4 Nbd7 10. f3 O-O 11. Be3 Rc8 12. Be2 a6 13. Rc1 e6 14. Bg5 Qc7 15.
Qd2 Ne5 16. Rfd1 Rfd8 17. Qf4 Ned7 18. Qh4 Qc5 19. Kh1 Re8 20. Nb3 Qc7 21. Rd2
Nh5 22. g4 Nhf6 23. Rcd1 d5 24. cxd5 exd5 25. exd5 b5 26. a3 Qb6 27. Bf1 Ne5
28. Bxf6 Nxf3 29. Qf2 Qxf6 30. Rd3 Ne5 31. Qxf6 Bxf6 32. Rg3 Nc4 33. Bxc4 bxc4
34. Nd4 Rc5 35. g5 Bg7 36. Kg1 Bxd5 37. Kf2 Bb7 38. Re3 Rxe3 39. Kxe3 Rxg5 40.
Nf3 Bxf3 41. Kxf3 Rf5+ 42. Ke4 Re5+ 43. Kf3 h5 44. Rd8+ Kh7 45. Rc8 Rf5+ 46.
Ke2 Bxc3 47. bxc3 Ra5 48. Rxc4 Rxa3 49. Kd3 g5 50. Ke4 Kg6 51. Rc6+ f6 52. c4
h4 53. c5 Ra4+ 54. Kf3 g4+ 55. Kf2 Ra2+ 56. Kg1 Rc2 57. Rc8 Kf5 58. c6 Kf4 59.
Kf1 h3 60. c7 f5 61. Ke1 a5 62. Kd1 Rc5 63. Ke2 a4 64. Ra8 Rxc7 65. Rxa4+ Kg5
66. Ke3 f4+ 67. Ke4 Re7+ 68. Kd3 g3 0-1

[Event "XXVI Memorial Edoardo Crespi A"]
[Site "Milano ITA"]
[Date "2005.12.10"]
[Round "6"]
[White "Canova, Luca"]
[Black "Nannelli, Paolo"]
[Result "1/2-1/2"]
[WhiteElo "2103"]
[BlackElo "2172"]
[PlyCount "34"]
[EventDate "2005.12.07"]

1. e4 e6 2. d4 d5 3. Nc3 dxe4 4. Nxe4 Bd7 5. Bd3 Bc6 6. Nf3 Nd7 7. Bg5 Be7 8.
h4 h6 9. Bd2 Ngf6 10. Qe2 Bxe4 11. Bxe4 c6 12. Bd3 Qc7 13. Ne5 Qb6 14. Bc3 Nxe5
15. Qxe5 O-O-O 16. O-O-O Bb4 17. Bxb4 Qxb4 1/2-1/2

[Event "XXVI Memorial Edoardo Crespi A"]
[Site "Milano ITA"]
[Date "2005.12.10"]
[Round "6"]
[White "Cartella, Giovanni"]
[Black "Papa, Angelo"]
[Result "0-1"]
[WhiteElo "1937"]
[BlackElo "1900"]
[PlyCount "66"]
[EventDate "2005.12.07"]

1. d4 d6 2. Nf3 Nf6 3. Bg5 Nbd7 4. e3 e5 5. c3 Be7 6. Bc4 c6 7. dxe5 dxe5 8.
Qb3 O-O 9. Nbd2 Qc7 10. Bh4 b5 11. Be2 Re8 12. Bg3 Bd6 13. Qc2 Bb7 14. Ng5 h6
15. Nge4 Rad8 16. Nxd6 Qxd6 17. Rd1 Qe6 18. O-O a6 19. a4 Nb6 20. a5 Nbd7 21.
b4 c5 22. Qb2 c4 23. Qc2 Nf8 24. Nf3 Ng6 25. h3 Be4 26. Qc1 Qf5 27. Rd2 Bd3 28.
Nh4 Nxh4 29. Bxh4 g5 30. Bg3 Ne4 31. Bxd3 cxd3 32. Rdd1 d2 33. Qc2 Nxg3 0-1

[Event "XXVI Memorial Edoardo Crespi A"]
[Site "Milano ITA"]
[Date "2005.12.10"]
[Round "6"]
[White "Casartelli, Fabio"]
[Black "Fiorili, Roberto"]
[Result "1-0"]
[WhiteElo "1977"]
[BlackElo "1963"]
[PlyCount "88"]
[EventDate "2005.12.07"]

1. d4 Nf6 2. Nd2 d5 3. Ngf3 Bf5 4. e3 e6 5. Bd3 Ne4 6. O-O Bd6 7. c4 c6 8. Qc2
Nxd2 9. Bxd2 Bxd3 10. Qxd3 Nd7 11. Rfe1 Nf6 12. Bc3 Ne4 13. cxd5 cxd5 14. Rac1
O-O 15. Qb5 Qe7 16. Ne5 Rfc8 17. f4 Rc7 18. Ba5 b6 19. Rxc7 Qxc7 20. Bc3 Nxc3
21. bxc3 Qxc3 22. Qf1 Rc8 23. Nd3 Qa3 24. Qe2 Rc3 25. Rd1 b5 26. Kf2 f6 27. Qd2
b4 28. Nc1 a5 29. Nd3 Rc7 30. Ke2 Kf7 31. Rc1 Rxc1 32. Nxc1 Qa4 33. Nb3 Qb5+
34. Kd1 a4 35. Nc1 b3 36. axb3 axb3 37. Nd3 Ba3 38. Qc3 Qc4 39. Kd2 Ke7 40. Nb2
Bb4 41. Nxc4 Bxc3+ 42. Kxc3 dxc4 43. g4 Kd6 44. e4 f5 1-0

[Event "XXVI Memorial Edoardo Crespi A"]
[Site "Milano ITA"]
[Date "2005.12.10"]
[Round "6"]
[White "Cavatorta, Fosco"]
[Black "Ramiro Ovejero, Juan Luis"]
[Result "0-1"]
[WhiteElo "1984"]
[BlackElo "2332"]
[PlyCount "74"]
[EventDate "2005.12.07"]

1. e4 c5 2. Nf3 e6 3. d3 Nc6 4. g3 g6 5. Bg2 Bg7 6. O-O Nge7 7. Nbd2 O-O 8. Re1
d6 9. a4 e5 10. c3 h6 11. Nb3 f5 12. d4 fxe4 13. Rxe4 d5 14. Re3 c4 15. Nbd2
Nf5 16. Rxe5 Nxe5 17. Nxe5 Bxe5 18. dxe5 d4 19. Ne4 dxc3 20. Nf6+ Kg7 21. Bd5
Be6 22. bxc3 Bxd5 23. Nxd5 Ne7 24. Ba3 Qxd5 25. Bxe7 Qxd1+ 26. Rxd1 Rf3 27. Rd7
Kf7 28. Kg2 Rd3 29. Rxb7 Ke6 30. Bf6 Rxc3 31. Re7+ Kd5 32. Rd7+ Kc6 33. e6 Rd3
34. Rf7 Re8 35. e7 c3 36. Rg7 c2 37. Rxg6 Rd6 0-1

[Event "XXVI Memorial Edoardo Crespi A"]
[Site "Milano ITA"]
[Date "2005.12.10"]
[Round "6"]
[White "Cereda, Loris"]
[Black "Bellani, Alessandro"]
[Result "0-1"]
[WhiteElo "2044"]
[BlackElo "2116"]
[PlyCount "120"]
[EventDate "2005.12.07"]

1. d4 Nf6 2. Nf3 d6 3. Bg5 a6 4. Nbd2 c6 5. e4 Bg4 6. Be2 Qa5 7. Bxf6 gxf6 8.
c3 Nd7 9. Nc4 Qc7 10. Qb3 Bh6 11. Ne3 Bxe3 12. fxe3 f5 13. Ng5 Rf8 14. Bc4 Bh5
15. exf5 h6 16. Nh3 O-O-O 17. Nf4 d5 18. Bd3 Nf6 19. h3 e5 20. fxe6 fxe6 21.
Nxh5 Nxh5 22. O-O-O Ng3 23. Rhe1 Rf2 24. Rd2 Rdf8 25. Qc2 Qf7 26. Rxf2 Qxf2 27.
Qxf2 Rxf2 28. e4 Kd7 29. exd5 cxd5 30. Rg1 h5 31. a3 Ke7 32. Kb1 Kf6 33. Ka2 h4
34. Kb3 Nh5 35. Rf1 Rxf1 36. Bxf1 e5 37. Be2 Nf4 38. dxe5+ Kxe5 39. Bf3 b6 40.
Kc2 d4 41. cxd4+ Kxd4 42. Kd2 a5 43. b3 b5 44. Bc6 b4 45. axb4 axb4 46. Bf3 Nd3
47. Bb7 Nc5 48. Bc8 Nxb3+ 49. Ke2 Nc1+ 50. Kd2 Nd3 51. Ba6 Nc5 52. Be2 Ne4+ 53.
Kc2 Ke3 54. Bf3 Nc5 55. Bd5 Kd4 56. Bf3 b3+ 57. Kb2 Kc4 58. Be2+ Kb4 59. Bf3
Na4+ 60. Kb1 Ka3 0-1

[Event "XXVI Memorial Edoardo Crespi A"]
[Site "Milano ITA"]
[Date "2005.12.10"]
[Round "6"]
[White "Cervini, Gian Piero"]
[Black "Piantoni, Pierino"]
[Result "0-1"]
[WhiteElo "2028"]
[BlackElo "1974"]
[PlyCount "74"]
[EventDate "2005.12.07"]

1. e4 e6 2. d4 d5 3. Nc3 Bb4 4. a3 Bxc3+ 5. bxc3 dxe4 6. Qg4 Nf6 7. Qxg7 Rg8 8.
Qh6 Rg6 9. Qh4 c5 10. Ne2 b6 11. Bg5 h6 12. Bxh6 Rg4 13. Qh3 e5 14. Be3 Rg8 15.
Qh6 Nbd7 16. Rd1 Qe7 17. Bg5 Bb7 18. dxc5 bxc5 19. Ng3 O-O-O 20. Bb5 Rg6 21.
Qh4 Qe6 22. O-O Rdg8 23. Be3 a6 24. Be2 Nd5 25. Rfe1 Nxc3 26. Rd2 Nxe2+ 27.
Rdxe2 f5 28. Qh3 Rg4 29. f3 exf3 30. gxf3 Bxf3 31. Rf2 Bb7 32. Kf1 Qc4+ 33.
Rfe2 f4 34. Nf5 fxe3 35. Qxe3 Rf4+ 36. Qf2 Rxf2+ 37. Kxf2 Qf4# 0-1

[Event "XXVI Memorial Edoardo Crespi A"]
[Site "Milano ITA"]
[Date "2005.12.10"]
[Round "6"]
[White "Crimi, Alessandro"]
[Black "Tencati, Giuseppe"]
[Result "0-1"]
[WhiteElo "1940"]
[BlackElo "2132"]
[PlyCount "104"]
[EventDate "2005.12.07"]

1. d4 d5 2. c4 c6 3. Nf3 e6 4. Bf4 dxc4 5. e3 b5 6. a4 Bb7 7. Be2 Nd7 8. O-O
Ngf6 9. Bg5 a6 10. b3 cxb3 11. Qxb3 Be7 12. Nc3 O-O 13. Rfd1 Qb6 14. Rab1 Rac8
15. e4 h6 16. Bf4 b4 17. e5 Nd5 18. Nxd5 cxd5 19. Qe3 Rfe8 20. Rdc1 a5 21. Bb5
Bc6 22. Bd3 Bf8 23. Bc2 Bb7 24. Qd3 g6 25. Qe3 Kh7 26. h4 Qd8 27. Bd3 Qe7 28.
Ng5+ Kg8 29. Bb5 Rxc1+ 30. Rxc1 Rc8 31. Nh3 Kh7 32. h5 Bg7 33. Rxc8 Bxc8 34.
Qc1 Nb6 35. Bd3 Qe8 36. Qc2 Bd7 37. hxg6+ fxg6 38. Qc7 Nxa4 39. Bc1 Qc8 40.
Qxc8 Bxc8 41. Nf4 Bd7 42. Bxg6+ Kg8 43. Bc2 Nb6 44. Bd2 Nc4 45. Be1 Kf7 46. Nh5
Bf8 47. Nf6 Bb5 48. g4 a4 49. Bh7 a3 50. Bg8+ Kg7 51. Bxe6 a2 52. Nh5+ Kh8 0-1

[Event "XXVI Memorial Edoardo Crespi A"]
[Site "Milano ITA"]
[Date "2005.12.10"]
[Round "6"]
[White "D'Alfonso, Nicola"]
[Black "Martinez, Rolly"]
[Result "0-1"]
[WhiteElo "2098"]
[BlackElo "2409"]
[PlyCount "110"]
[EventDate "2005.12.07"]

1. e4 c5 2. Nf3 Nc6 3. d4 cxd4 4. Nxd4 Nf6 5. Nc3 e6 6. Ndb5 Bb4 7. Nd6+ Ke7 8.
Nxc8+ Rxc8 9. Bd3 d5 10. exd5 Qxd5 11. O-O Qh5 12. Ne4 Qxd1 13. Rxd1 Ne5 14.
Nxf6 Nxd3 15. Rxd3 Kxf6 16. c3 Bc5 17. Bf4 e5 18. Be3 Bxe3 19. fxe3 Rhd8 20.
Rad1 Rxd3 21. Rxd3 Ke6 22. e4 Rc4 23. Re3 Ra4 24. a3 Ra6 25. Kf2 Rd6 26. Ke2 h5
27. Rd3 Rb6 28. b4 Rc6 29. Rh3 g6 30. a4 Ra6 31. a5 b6 32. axb6 Ra2+ 33. Kd3
axb6 34. Kc4 Rxg2 35. Kb5 f5 36. Kxb6 Rg4 37. exf5+ gxf5 38. Kc5 Rg8 39. Kc4
Rc8+ 40. Kd3 e4+ 41. Kd4 Rd8+ 42. Kc4 f4 43. Rh4 Kf5 44. Rxh5+ Kg4 45. Re5 e3
46. b5 Kf3 47. b6 Ke2 48. Kc5 f3 49. b7 f2 50. Rf5 f1=Q 51. Rxf1 Kxf1 52. Kc6
e2 53. Kc7 Rh8 54. b8=Q Rxb8 55. Kxb8 e1=Q 0-1

[Event "XXVI Memorial Edoardo Crespi A"]
[Site "Milano ITA"]
[Date "2005.12.10"]
[Round "6"]
[White "Facchetti, Gianni"]
[Black "Pace, Pietro Dario"]
[Result "0-1"]
[WhiteElo "2123"]
[BlackElo "2233"]
[PlyCount "84"]
[EventDate "2005.12.07"]

1. e4 c5 2. Nf3 Nc6 3. Bb5 g6 4. Bxc6 dxc6 5. h3 Bg7 6. d3 e5 7. Be3 Qe7 8. Nc3
Nf6 9. Qd2 h6 10. a4 a5 11. Ne2 Nd7 12. g4 Nf8 13. Ng3 Ne6 14. c3 b6 15. Qc2
Ba6 16. Nd2 Nf4 17. Bxf4 exf4 18. Ne2 Rd8 19. Nc4 Bxc4 20. dxc4 Qe6 21. Nxf4
Qxc4 22. Ne2 Rd3 23. Rd1 Rxd1+ 24. Kxd1 O-O 25. b3 Qe6 26. Kc1 b5 27. axb5 cxb5
28. Rd1 Ra8 29. Rd5 a4 30. bxa4 Rxa4 31. f3 Qa6 32. Kd1 b4 33. cxb4 Ra1+ 34.
Nc1 Qf1+ 35. Kd2 cxb4 36. Ne2 Qxf3 37. Rd3 Qf2 38. Qc4 Bc3+ 39. Rxc3 bxc3+ 40.
Kd3 Rd1+ 41. Kxc3 Qe3+ 42. Kb4 Rb1+ 0-1

[Event "XXVI Memorial Edoardo Crespi A"]
[Site "Milano ITA"]
[Date "2005.12.10"]
[Round "6"]
[White "Fossati, Remigio"]
[Black "Fezza, Davide"]
[Result "1-0"]
[WhiteElo "2178"]
[BlackElo "2033"]
[PlyCount "79"]
[EventDate "2005.12.07"]

1. d4 Nf6 2. c4 c5 3. d5 b5 4. cxb5 a6 5. b6 Qxb6 6. Nc3 g6 7. e4 d6 8. Be2 Bg7
9. Nf3 Qb4 10. a3 Qa5 11. O-O Nbd7 12. Bf4 O-O 13. Nd2 Rb8 14. Rc1 h6 15. Nc4
Qc7 16. Qc2 Nb6 17. Ne3 Bd7 18. h3 Qa7 19. Bh2 Ne8 20. b3 Nc7 21. a4 Rb7 22.
Kh1 Bd4 23. Qd3 Nc8 24. Bd1 a5 25. Nc4 Na6 26. Bf4 Nb4 27. Qd2 g5 28. Bg3 f5
29. f4 fxe4 30. Be2 e6 31. fxg5 Rxf1+ 32. Rxf1 e3 33. Nxe3 exd5 34. Ncxd5 Be6
35. Nf4 Bxb3 36. Nf5 Rg7 37. Nxh6+ Kh8 38. Nh5 Qe7 39. Nxg7 Kxg7 40. Nf5+ 1-0

[Event "XXVI Memorial Edoardo Crespi A"]
[Site "Milano ITA"]
[Date "2005.12.10"]
[Round "6"]
[White "Gandolfi, Gianfranco"]
[Black "Bettini, Massimo"]
[Result "0-1"]
[WhiteElo "1901"]
[BlackElo "1923"]
[PlyCount "68"]
[EventDate "2005.12.07"]

1. e4 e5 2. Nf3 Nc6 3. d4 exd4 4. Bc4 Nf6 5. e5 d5 6. Bb5 Ne4 7. Nxd4 Bd7 8.
Bxc6 bxc6 9. O-O Bc5 10. f3 Ng5 11. Be3 O-O 12. f4 Ne6 13. f5 Nxd4 14. Bxd4
Bxd4+ 15. Qxd4 Qg5 16. f6 Bh3 17. Rf2 Be6 18. Nd2 Kh8 19. Nb3 gxf6 20. exf6 Rg8
21. Re1 Bh3 22. g3 Rae8 23. Rfe2 c5 24. Qf2 Rxe2 25. Rxe2 h5 26. Nxc5 Rg6 27.
Ne6 Bxe6 28. Rxe6 h4 29. Rc6 hxg3 30. hxg3 Qc1+ 31. Kg2 Rh6 32. Qc5 Qh1+ 33.
Kf2 Rh2+ 34. Ke3 Qe4# 0-1